000 00495nam a2200181Ia 4500
001 1247
005 20260306140618.0
008 260306t2002||||xx |||||||||||||| ||spa||
041 _aESP
082 _a189.4
_bT72
100 _aTorrell, Jean Pierre
_eAUT
245 0 _aIniciación a Tomás de Aquino :
_bsu persona y su obra = initiation á Saint Thomad d´ Aquin: sa personne et sun oeuvre
260 _c2002
300 _a
_c
650 _aGEN
654 _aCHU
942 _cLIB
_dJUS
_fJUS
_2ddc
_n
999 _c1247
_d1247